Organic chemistry / (Record no. 8851)

MARC details
000 -LEADER
fixed length control field 00545nam a2200217 4500
005 - DATE AND TIME OF LATEST TRANSACTION
control field 20150527092848.0
006 - FIXED-LENGTH DATA ELEMENTS--ADDITIONAL MATERIAL CHARACTERISTICS--GENERAL INFORMATION
fixed length control field 000
007 - PHYSICAL DESCRIPTION FIXED FIELD--GENERAL INFORMATION
fixed length control field 000
008 - FIXED-LENGTH DATA ELEMENTS--GENERAL INFORMATION
fixed length control field 000
040 ## - CATALOGING SOURCE
Original cataloging agency UOEL
050 ## - LIBRARY OF CONGRESS CALL NUMBER
Classification number QD251
Item number .B7 1961
100 ## - MAIN ENTRY--PERSONAL NAME
Personal name Brewster, Raw Q.
245 ## - TITLE STATEMENT
Title Organic chemistry /
Statement of responsibility, etc Ray, Q. Brewster, William E. McEwen
250 ## - EDITION STATEMENT
Edition statement 3rd ed.
260 ## - PUBLICATION, DISTRIBUTION, ETC. (IMPRINT)
Place of publication, distribution, etc Englewood Cliffs :
Name of publisher, distributor, etc Prentice-Hall, Inc.,
Date of publication, distribution, etc c1961.
300 ## - PHYSICAL DESCRIPTION
Extent x, 854 p. :
Other physical details ill.
440 ## - SERIES STATEMENT/ADDED ENTRY--TITLE
Title Prentice-Hall chemistry
650 ## - SUBJECT ADDED ENTRY--TOPICAL TERM
Topical term or geographic name as entry element Organic chemistry
700 ## - ADDED ENTRY--PERSONAL NAME
Personal name McEwen, William E.
942 ## - ADDED ENTRY ELEMENTS (KOHA)
Source of classification or shelving scheme Library of Congress Classification
Item type Loan - Normal on open shelf
Holdings
Withdrawn status Lost status Source of classification or shelving scheme Damaged status Not for loan Home library Current library Shelving location Date acquired Total Checkouts Full call number Barcode Date last seen Copy number Price effective from Koha item type
    Library of Congress Classification     UOE Main Library UOE Main Library Open shelf 27/05/2015   QD251 .B7 1961 10038360 27/04/2026 10038360 27/05/2015 Loan - Normal on open shelf